Mis paginas mejores.

Bibliographic Details
Main Author: Laforet, Carmen
Format: Book
Language:Spanish
Published: [Madrid] : [Editorial Gredos], [1956]
Series:Biblioteca romanica hispanica. 6. Antologia hispanica, 1

MARC

Tag First Indicator Second Indicator Subfields
LEADER 00000cam a2200000 4500
001 in00000173021
005 20151008090951.0
008 720703s1956 sp 00000 spa d
010 |a  58001370  
035 |a (OCoLC)00347559 
035 |9 AAU2170AM 
040 |a WSU  |c WSU  |d TXA  |d UtOrBLW 
049 |a TXAM  |c [1333354] 
090 |a PQ6621.A38  |b A15 1956 
100 1 |a Laforet, Carmen. 
245 1 0 |a Mis paginas mejores. 
264 1 |a [Madrid] :  |b [Editorial Gredos],  |c [1956] 
264 4 |c [©1956] 
300 |a 258 pages 
336 |a text  |b txt  |2 rdacontent 
337 |a unmediated  |b n  |2 rdamedia 
338 |a volume  |b nc  |2 rdacarrier 
490 0 |a Biblioteca romanica hispanica. 6. Antologia hispanica, 1 
505 0 |a Introduccion, por la autora.--Nada (novela)--Cuentos y articulos: Al colegio (estampa) Rosamunda (cuento) El regreso (cuento)--La isla y los demonios (novela)--Novelas cortas: El piano. Un noviazgo.--La mujer nueva (novela) 
999 |a MARS 
999 f f |s a058015f-579c-3c11-88fc-2e4f120f6bc2  |i c5759646-8868-3ac8-9855-31ea1c6ec765  |t 0 
952 f f |p ric  |a Texas A&M University  |b Rellis Campus  |c Joint Library Facility  |d Remote Storage  |t 0  |e PQ6621.A38 A15 1956  |h Library of Congress classification  |i unmediated -- volume  |m A14803817186 
998 f f |a PQ6621.A38 A15 1956  |t 0  |l Remote Storage